Регионална библиотека "Любен Каравелов" - Русе

Етика (Запис номер 136938)

MARC детайли
000 -Лидер
Контролно поле с фиксирана дължина 01584nam a2200349 c 4500
003 - Код на организацията, давaща контролен номер
Контролно поле BLK
005 - Дата и час на последна редакция
Контролно поле 20221027135854.0
008 - Елементи от данни с фиксирана дължина
fixed length control field 180409b bul|||||r ||||||| ||bul||
010 ## - Наследен системен номер
LC control number KNG00142903000
040 ## - Източник на каталожния запис
Идентификатор на билиотеката - собственик на записа BLK
041 ## - Код за език
Код за езика на текст/звукозапис или на отделно заглавие Български
Код за езика КДБФ Български
080 ## - УДК
Текстов определител УДК Етика. Учение за морала. Практическа философия. Вж и 37.034 ; 24
УДК код - определител по УДК 17
УДК определител (075.8)
УДК - код + определител 17(075.8)
080 ## - УДК
Текстов определител УДК Церемониал. Етикет. Общ. норми на поведение. Йерархия. Дарове. Подаръци
УДК код - определител по УДК 395
УДК определител (075.8)
УДК - код + определител 395(075.8)
100 1# - Редна дума - Автор
Автор Иванов, Иван Димитров
Авторска отговорност първи автор
R(LIN) 372059
139 ## - Редно поле
Редна дума Иванов, Иван Димитров и др.
Авторски знак Иванов - И 21
245 10 - Сведения за заглавието
Заглавие Етика
Подзаглавни данни Учебник за полувисшите уч. заведения по туризъм
Редно поле (дума) Иван Димитров Иванов; съавт. Здравко Н. Марков.
250 ## - Област на изданието
Сведения за изданието 2. изд.
257 ## - Страна на издаване
Страна на създаване/издаване България
260 ## - Област на издателските данни
Място на издаване, разпространение и проч. София
Име на издателя, разпространителя и проч. Наука и изкуство
Година на издаване 1977
Печатница Ямбол : Г. Димитров
300 ## - Физическа характеристика
Страници 200 с.
Размери/Мащаб 22 см
380 ## - Жанр
Жанр Философия
500 ## - Общи забележки
Забележка 1. изд. 1972. - 5 075 тир.
650 #4 - Допълнително описание по предмет – тема
Основно описание – тема или топоним Етика - учебници за ВУЗ
9 (RLIN) 245513
653 ## - Ключова дума – ненормативна
Ключова дума етика
653 ## - Ключова дума – ненормативна
Ключова дума учебници за ВУЗ
700 1# - Други автори (авторска отговорност)
Лично име Марков, Здравко Н.
Автороска отговорност (Описва отношението между автора и произведението) съавт.
9 (RLIN) 325622
852 ## - Местоположение
Форматна сигнатура Цб 85189
856 4# - Електронен адрес и достъп
Електронен формат pdf - файл
Инструкция (цена за достъп) 0.00
Права за достъп disable
856 4# - Електронен адрес и достъп
Електронен формат pdf - файл
Инструкция (цена за достъп) 0.00
Права за достъп disable
999 ## - СИСТЕМНИ КОНТРОЛНИ НОМЕРА
Koha biblionumber 136938
Koha biblioitemnumber 136938
942 ## - АРТИКУЛИ
Вид на библиотечния материал Книги
Скрит в OPAC Не
Периодичен библиозапис Да
944 ## - СЪЗДАВАНЕ И РЕДАКЦИЯ на ЗАПИСА
Създаване/Редакция Създаване
Дата на регистрацията/редакция 20.05.2013
Статус, дата на статуса 20.05.2013 - от С1,Р / 20.05.2013
Служител, извършил регистрацията/редакцията Диана_Димитрова
944 ## - СЪЗДАВАНЕ И РЕДАКЦИЯ на ЗАПИСА
Създаване/Редакция Редакция
Дата на регистрацията/редакция 20.05.2013
Статус, дата на статуса 20.05.2013 - от С1,Р / 20.05.2013
944 ## - СЪЗДАВАНЕ И РЕДАКЦИЯ на ЗАПИСА
Създаване/Редакция Редакция
Дата на регистрацията/редакция 2022-10-27
Служител, извършил регистрацията/редакцията Христина Везирева
999 ## - СИСТЕМНИ КОНТРОЛНИ НОМЕРА
Koha biblioitemnumber 136938
Наличности
Код за отписване Код за изгубен артикул Източник на класификационната схема Код за повреда Коз за рестрикции Код за отдаване Артикулен № Име на библиотеката - собственик Име на библиотеката, в която се намира в момента Статус (Текущо местоположение) Дата на вписване в системата Местоположение - отдел Цена в лева Инвентарен номер Систематично азбучна сигнатура Баркод Номер на екземпляра Цена в евро Служебна бележка Служебен тип на артикула
  Не е изгубен Universal Decimal Classification Не е повреден без рестрикции ползва се в читалня 223978 Регионална библиотека "Любен Каравелов" Русе Регионална библиотека "Любен Каравелов" Русе Хранилище 1977-01-01 Хранилище 0.51 224964 Цб 85189 120000224964 1 0.26 Дост: Dp Вид: Д N: стар фонд Дата: 01.01.1977 Книги
Vip Innovations Ltd, Rousse, Bulgaria 2025